| 000 | 00442nam a22001457a 4500 | ||
|---|---|---|---|
| 005 | 20140310183649.0 | ||
| 008 | 140109b xxu||||| |||| 00| 0 eng d | ||
| 020 | _a0071199195 | ||
| 050 |
_aPS 507 _b.Am62 2002 |
||
| 245 |
_aThe American tradition in literature / _cedited by George Perkins, Barbara Perkins. |
||
| 260 |
_aBoston : _bMcGraw-Hill, _c2002. |
||
| 300 |
_a2281 p. : _bcol. ill. ; _c24 cm. |
||
| 942 |
_2lcc _cBK _kFOR |
||
| 999 |
_c26010 _d26010 |
||